LEADER 01395nam a2200277 u 4500 001 000000043577 003 CaOOAMICUS 005 20070226114443.0 008 990408s1991 it u000 u ita u 020 $a8835084938 035 $a10819295 040 $aMSA$bita 245 00$aBisogno di valori :$bper un rinnovato impegno educativo nella società contemporanea /$cGiuseppe Acone ... [et al.] ; a cura di Luisa Santelli Beccegato. 260 $aBrescia :$bLa Scuola,$c1991. 300 $a253 p. ;$c22 cm 500 $aIn testa al front.: Giovanni [i.e. Giuseppe] Acone, Enrico Berti, Franco Bertoldi, Emilio Butturini, Giovanni Cattanei, Luciano Corradini, Maria Luisa Ribolzi, Luisa Santelli Beccegato, Cosimo Scaglioso. 650 4$aEducazione morale.$0(OLS)http://pul/subject/7350 700 1 $aSantelli Beccegato, Luisa.$0(OLS)http://pul/name/31873 700 1 $aAcone, Giuseppe.$0(OLS)http://pul/name/31872 850 $aPUL 852 $aPUL$W1$xDP1 Fondo Giannini$y60$m1555 B 10$j58718$nBK-PRI$b $qFondi$B58718$CPULBib$Z2$F58718 $H $81 941 1 $a1 961 $aINV: Fondo Giannini 996 $6020$a8835084938$9(OLS)http://pul/number/54346 996 $6245$aBisogno di valori :$bper un rinnovato impegno educativo nella società contemporanea$9(OLS)http://pul/title/58768 996 $6260$aBrescia :$bLa Scuola$9(OLS)http://pul/publisher/48404 LEADER 01086nam a2200241 u 4500 001 000000070569 003 CaOOAMICUS 005 20070226122032.0 008 020510s1989 it u000 u ita u 035 $a10929329 040 $aPUL(R)$bita 100 1 $aPandolfi, Carmelo.$0(OLS)http://pul/name/13843 245 10$aVirtù e dono della sapienza in San Tommaso d'Aquino :$banalisi della Lectura super Matthaeum /$cCarmelo Pandolfi. 260 $aAssisi :$bEdizioni Porziuncola,$c1989. 300 $a120 p. ;$c21 cm 504 $aBibliografia: p. 115-120. 600 04$aThomas Aquinas,$cs.,$dc. 1225-1274.$0(OLS)http://pul/subject/448 850 $aPUL 852 $aPUL$W1$xDP1 Religione 1$y20$m485 B 31$j91290$nBK-PRI$b $qStampati$B91290$CPULBib$Z2$F91290 $H $81 941 1 $a8 960 $aTommaso d'Aquino,$cs.,$d1225-1274$9448 996 $6245$aVirtù e dono della sapienza in San Tommaso d'Aquino :$banalisi della Lectura super Matthaeum$9(OLS)http://pul/title/93025 996 $6260$aAssisi :$bEdizioni Porziuncola$9(OLS)http://pul/publisher/52457 LEADER 02038nam a2200385 a 4500 001 000000174097 003 CaOOAMICUS 005 20201222155810.0 008 201222s2019 it u000 u ita r 020 $a978-88-922-1954-0* 032 $aLibriCat 040 $aPUL$bita 082 04$a232 100 1 $aAletti, Jean-Noël,$cS.I.,$d1942-$0(OLS)http://pul/name/12460 240 13$aUn Messie souffrant, un défi pour Matthieu, Marc et Luc :$bEssai sur la typologie des évangiles synoptiques.$lItaliano.$0(OLS)http://pul/title/215317 245 10$aSenza tipologia nessun Vangelo :$bfigure bibliche e cristologia nei Sinottici /$cJean-Noël Aletti. 260 $aCinisello Balsamo :$bSan Paolo,$c©2019$aRoma :$bGregorian & Biblical Press 300 $a196 p. ;$c23 cm. 490 1 $aLectio (San Paolo e Gregorian & Biblical Press) ;$v12 504 $aBibliografia in nota e alle p. 183-189. 630 04$aBiblia.$pN.T.$pLucas$xCritica e interpretazione.$0(OLS)http://pul/subject/37900 630 04$aBiblia.$pN.T.$pMarcus$xCritica e interpretazione.$0(OLS)http://pul/subject/37840 630 04$aBiblia.$pN.T.$pMatthaeus$xCritica e interpretazione.$0(OLS)http://pul/subject/37789 630 04$aBiblia$pN.T.$pEvangelia synoptice.$0(OLS)http://pul/subject/37053 830 0$aLectio (San Paolo e Gregorian & Biblical Press) ;$v12.$0(OLS)http://pul/title/188510 850 $aPUL 852 $aPUL$W1$xSL Religione 3$y85$m226 ALEJE 1$j198361$qDDC 21$B202980$CPULBib$Z2$F202980 $H134068 $82 941 1 $a9 960 $aVangeli sinottici$937053 996 $6020$a978-88-922-1954-0*$9(OLS)http://pul/number/167930 996 $6082$a232$9(OLS)http://pul/classification/381 996 $6245$aSenza tipologia nessun Vangelo :$bfigure bibliche e cristologia nei Sinottici$9(OLS)http://pul/title/215318 996 $6260$aCinisello Balsamo :$bSan Paolo$9(OLS)http://pul/publisher/54577 996 $6260$aRoma :$bGregorian & Biblical Press$9(OLS)http://pul/publisher/81048 LEADER 01274nam a2200289 u 4500 001 000000066858 003 CaOOAMICUS 005 20070226121625.0 008 020128s1984 it u000 u ita u 035 $a10918106 040 $aPUL(R)$bita 041 1 $aita$hfre 100 1 $aForest, Aimé,$d1898-1983.$0(OLS)http://pul/name/10840 240 10$aEssai sur les formes du lien spirituel.$lItaliano.$0(OLS)http://pul/title/88736 245 13$aLe forme del legame spirituale :$buna mediazione sugli orientamenti della coscienza e l'affermazione metafisica /$cpar Aimé Forest. 260 $aRoma :$bCittà Nuova,$cc1984. 300 $a197 p. ;$c19 cm 490 1 $aCollana di Filosofia ;$v15 504 $aBibliografia: p. 184-197. 650 4$aMetafisica.$0(OLS)http://pul/subject/433 830 0$aCollana di filosofia (Città nuova) ;$v15.$0(OLS)http://pul/title/497 850 $aPUL 852 $aPUL$W1$xSL Filosofia 1$y2$m96 H 79$j86464$nBK-PRI$b $qStampati$B86464$CPULBib$Z2$F86464 $81 941 1 $a8 961 $aINV: 56995 996 $6245$aLe forme del legame spirituale :$buna mediazione sugli orientamenti della coscienza e l'affermazione metafisica$9(OLS)http://pul/title/88737 996 $6260$aRoma :$bCittà Nuova$9(OLS)http://pul/publisher/47927